000 00818nab a2200253 u 4500
001 18747
003 HDC
007 cr bn ---aaaaa
008 210227c20101204xx dr|noo 0 a eng d
040 _aHDC
245 0 _aPakistan: Global Halal Congress to be held today
260 _a[No place] :
_b[publisher not identified],
_c2010
300 _a1 online resource
336 _atext
_2rdacontent
337 _acomputer
_2rdamedia
338 _aonline resource
_2rdacarrier
650 _aGlobal Halal Congress
_917474
650 _ahalal hub
_92262
710 _aHalal Focus
856 _zRequest full-text at [email protected]
942 _2lcc
942 _cNEWS
942 _kNWSO 006131
999 _c16063
_d16063